000 00935nam a2200265 i 4500
001 48803
003 ES-MaACL
005 20250928134129.0
007 t|
008 940301s1887 sp |||| |cspa d
040 _aAS
_bspa
080 _a1(38)
080 _a929(38):1
100 0 _aDiógenes Laercio.
_944848
245 1 0 _aVidas, opiniones y sentencias de los filósofos más ilustres /
_cDiógenes Laercio ; traducidos directamente del griego por José Ortiz y Sanz.
260 _aMadrid :
_bLuis Navarro, editor,
_c1887 (
_fEst. Tip. Sucesores de Rivadeneyra)
300 _a2 v. ;
_c18 cm.
490 1 _aBiblioteca clásica ;
_v97-98
650 7 _aFilosofía griega
_2embne
_912849
650 _aFilosófos-
_zGrecia-
_xBiografías.
_9137590
700 1 _aOrtiz y Sanz, José,
_d1739-1822
_987661
830 0 _aBiblioteca clásica ;
_v97-98
_9180370
852 _aES-MaACL
_jF-13073-74
999 _c48803
_d48803